[Event "Clichy"]
[Site "Clichy"]
[Date "2001.06.26"]
[Round "2"]
[White "Nataf, Igor Alexandre"]
[Black "Lautier, Joel"]
[Result "1/2-1/2"]
[WhiteElo "2552"]
[BlackElo "2658"]
[Annotator "Postny,E"]
[PlyCount "96"]
[EventDate "2001.06.25"]
[EventType "tourn"]
[EventRounds "9"]
[EventCountry "FRA"]
[EventCategory "14"]
[SourceTitle "CBM 085"]
[Source "ChessBase"]
[SourceDate "2001.11.13"]
[SourceVersion "1"]
[SourceVersionDate "2001.11.13"]
[SourceQuality "1"]

1. e4 e5 2. Nf3 Nc6 3. d4 exd4 4. Nxd4 Bc5 5. Nxc6 Qf6 6. Qd2 dxc6 7. Nc3 Be6 {
The alternatives are: 7...Ne7 ; 7...Bd4.} 8. Na4 Rd8 9. Bd3 Bd4 10. c3 {
The main line is 10.0-0 and it's probably more promising for white.} Bxf2+ $1 (
10... b5 $6 11. cxd4 Qxd4 (11... bxa4 12. Qc2 Qxd4 13. Qxc6+ $14 {1-0 Polgar,
Z-Xie Jun /Jaen 1996/CBM 52 (25)}) 12. Bc2 bxa4 13. Qxd4 Rxd4 14. Be3 $16 {
1-0 Rublevsky,S-Kupreichik,V /Kurgan 1995/CBM 49 (60)}) (10... Be5 $5) 11. Qxf2
Rxd3 12. Qxf6 (12. Nc5 $4 Rd1+ $19) 12... Nxf6 13. Nc5 Rd8 14. Nxb7 Rb8 15. Nc5
Rb5 {The most ambitious move in the position. Black is ready to sacrifice an
exchange...} (15... Nd7 {is probably sufficient for the equality, but the move
in the text seems to be stronger.}) 16. b4 {[%csl Rb5]} Nxe4 $1 17. a4 (17.
Nxe4 $2 Re5 $17) 17... Rxc5 18. bxc5 Bc4 {In compensation for the exchange
black has a pawn and a very active light pieces.} 19. Bf4 $1 $146 {In the
preceding games white played 19.Be3 and had to fight for the equality:} (19.
Be3 O-O 20. Bd4 Rb8 21. O-O-O Be2 22. Rhe1 $1 (22. Rde1 $2 Bd3) 22... Bxd1 23.
Rxe4 Bb3 (23... Bxa4 $6 24. Bxg7 $11) 24. Rg4 g6 {(In the game Rublevsky-Anand/
Moscow rapid 1996/ draw was agreed here.)} 25. Bf6 Bd5 26. g3 (26. c4 $142 Rb4
27. Rd4 $11 {Rublevsky}) 26... Re8 27. Rb4 h6 28. h4 Kh7 29. Rb7 g5 30. hxg5
Kg6 31. Rxc7 hxg5 $15 {0-1 Igudesman,K-Ibragimov,I/Azov 1996/CBM 56 ext (58)})
19... O-O ({Worse is:} 19... Kd7 $2 20. O-O-O+ Kc8 21. Rd4 Bd5 22. Be3 $14 ({
but not} 22. c4 $2 Nxc5 {[%csl Rd4][%cal Gc5b3]})) 20. Bxc7 Re8 21. O-O-O $1 ({
Very dangerous for white is:} 21. Rg1 $6 Nxc5+ 22. Kf2 Nd3+ 23. Kf3 (23. Kg3
Re3+ 24. Kh4 f6 $1 $19 {[%csl Rh4]}) 23... Bd5+ 24. Kg4 Re4+ 25. Kg3 Re3+ $40)
21... Nf2 22. Rd4 Nxh1 23. Rxc4 Nf2 24. Bb6 $1 {A surprising move, which
probably had psychological effect as well...} ({No good for white is} 24. Rd4
$2 {[%cal Gd4d6]} Ne4 {. White can play} 25. Rd6 {anyway, however after cool}
Rc8 $1 {white is in trouble.}) 24... a6 $2 {Black takes white at it's word.} ({
The best and the most critical variation was:} 24... axb6 25. cxb6 Nd3+ 26. Kc2
Ne5 27. Re4 {threatening 28.Re5 then 29.b7.} (27. Rb4 Nd7 {[%cal Gd7b8]}) 27...
f6 $8 28. a5 (28. b7 Rb8 29. Rb4 Nd7 30. a5 {-see 28.a5}) 28... Rb8 29. Rb4 Nd7
30. b7 (30. a6 Nxb6 31. a7 Ra8 32. Rxb6 Rxa7 $15) 30... Nc5 31. Rb6 Nd7 $11)
25. Rd4 Kf8 26. Kc2 (26. Rd6 $2 Re6) 26... Re3 27. Kb3 {[%csl Ra6][%cal Gb3b4,
Gb4a5,Ga5a6]} Nd3 28. Kc4 (28. Rd6 $2 Ne5 29. Kb4 Re2 (29... Re4+ $2 30. Ka5
Nc4+ 31. Kxa6 Nxd6 32. cxd6 Ke8 33. Kb7 Kd7 34. a5 Kxd6 {[%cal Ge4e7]} 35. Bc7+
$1 Kc5 36. a6 Ra4 37. a7 Kc4 38. a8=Q Rxa8 39. Kxa8 Kxc3 40. Be5+ $18) 30. Rd4
(30. Ka5 $6 Nc4+ 31. Kxa6 Nxd6 32. cxd6 Ke8 33. g3 (33. Kb7 $2 Kd7 34. a5 Rxg2
35. a6 Rxh2 36. a7 Ra2 {[%csl Gf7,Gg7,Gh7] and the three passed connected
pawns will decide the game in black's favour.}) 33... Rxh2 34. Kb7 Kd7 35. a5
Kxd6 36. a6 Ra2 37. a7 Kd5 38. a8=Q Rxa8 39. Kxa8 Kc4 40. Bd4 f6 41. Kb7 c5 42.
Bf2 Kxc3 43. Bxc5 $11) 30... Rxg2 31. Ka5 Rxh2 32. Kxa6 {with a very sharp
endgame, where an "a" pawn will cost black a R and the main question will be,
what 3 black's pawns on the kingside are really worth?}) 28... Ne1 $1 29. Rd6
Re4+ 30. Kb3 Nxg2 31. Rxc6 Ne3 32. Rd6 Nc4 33. Rd4 $6 (33. Rd7 f5 34. Ra7 f4
35. Rxa6 Ke8 36. c6 Nxb6 37. Rxb6 Ke7 38. Rb7+ Kd6 39. Rxg7 Kxc6 40. Rxh7 {
+/-/+- The position will probably transpose to an endgame, where a R with "a"
and "c" pawns vs. R.Theoretically this endgame maybe a draw, but in practice
this endgame is usually lost...}) 33... Rxd4 34. cxd4 Ne3 35. Kb4 $2 {It seems,
that this natural move is a serious mistake, which allows black to escape for
a draw.Instead of this white had an interesting option, which could bring him
a win:} (35. c6 $1 Ke7 (35... Nd5 36. Bc5+ Ke8 37. Kc4 Ne3+ 38. Kb4 f5 39. Ka5
Kd8 40. Kxa6 Kc7 (40... f4 41. Kb7 Nd5 42. c7+ Nxc7 43. Bb6 f3 44. Bxc7+ Kd7
45. Bg3 $18) 41. Kb5 f4 42. a5 f3 (42... Nd5 43. Bb6+ Kd6 44. Bd8 f3 45. Bh4
$18) 43. d5 Nxd5 44. a6 Kc8 45. a7 Nc7+ 46. Kc4 Na8 47. Bf2 $18 {[%csl Yc7,Gg3]
[%cal Gf2g3,Gg3b8]}) 36. Bc7 {[%csl Yd6,Yd7]} Nd5 (36... g5 37. Be5 f5 38. Kb4
f4 39. Kc5 f3 40. Bg3 Nf5 41. Bf2 {[%cal Gc5b6,Gb6b7]} Kd8 42. Kd5 Kc7 43. Ke6
Ng7+ 44. Kf6 Ne8+ 45. Ke7 Ng7 46. d5 Nf5+ 47. Ke6 $18) 37. Bg3 f5 38. Kc4 Nb6+
39. Kb4 f4 40. Bxf4 $1 Nd5+ 41. Kc5 Nxf4 42. d5 Nd3+ (42... Nxd5 43. Kxd5 {
[%cal Gd5c5,Gc5b6]} Kd8 44. Ke6 Kc7 45. Kf7 g5 46. Kg7 Kxc6 47. Kxh7 Kc5 48.
Kg6 Kb4 49. Kxg5 Kxa4 50. h4 $18) 43. Kb6 Ne5 44. c7 Nc4+ 45. Kxa6 Kd7 46. Kb7
Nd6+ 47. Kb8 $18 {[%csl Ga4]}) 35... Ke7 36. Ka5 Kd7 37. Kxa6 Kc6 {Black's
king arrived just in time...At the moment white's pieces are badly placed and
black has enough time to create a sufficient counterplay.} 38. Ka7 f5 39. a5
Nc2 40. a6 (40. d5+ $2 Kxd5 41. Kb7 Nb4 42. a6 Nxa6 43. Kxa6 Kc6 $17 {[%csl
Ra6]}) 40... Nxd4 (40... Nb4 $2 41. Ba5 $1 $18) 41. Kb8 Nb5 42. h4 f4 43. Ba5
f3 44. Be1 Kxc5 45. Kb7 {White has to keep his "a" pawn, otherwise black's K
will be free to go straight and win.} Nd6+ 46. Kc7 Nb5+ 47. Kb7 Nd6+ 48. Kb8
Nb5 {An exciting endgame!} 1/2-1/2

[Event "Clichy"]
[Site "Clichy"]
[Date "2001.06.25"]
[Round "1"]
[White "Lautier, Joel"]
[Black "Hebden, Mark"]
[Result "1/2-1/2"]
[WhiteElo "2658"]
[BlackElo "2560"]
[Annotator "Postny,E"]
[PlyCount "53"]
[EventDate "2001.06.25"]
[EventType "tourn"]
[EventRounds "9"]
[EventCountry "FRA"]
[EventCategory "14"]
[SourceTitle "CBM 085"]
[Source "ChessBase"]
[SourceDate "2001.11.13"]
[SourceVersion "1"]
[SourceVersionDate "2001.11.13"]
[SourceQuality "1"]

1. e4 e5 2. Nf3 Nc6 3. d4 exd4 4. Nxd4 Nf6 5. Nxc6 bxc6 6. e5 Qe7 7. Qe2 Nd5 8.
c4 Nb6 {This move became more popular nowadays, than the other theoretical
line 8...Ba6.} 9. Nc3 a5 10. f4 $146 (10. Qe4 g6 11. Bd3 Bg7 12. f4 (12. O-O {
see the game Ganguly,SS-Shetty,R/Goodricke 12th op 2001/CBM 82 [Postny]}) 12...
O-O 13. O-O d5 $6 (13... Ba6) 14. cxd5 cxd5 15. Nxd5 Qc5+ 16. Be3 Qxd5 17. Bxb6
Qxe4 18. Bxe4 cxb6 19. Bxa8 Ba6 20. Bd5 Bxf1 21. Kxf1 Rd8 22. Rd1 $16 {1/2-1/2
Yakovich,Y-Sokolov,I/Oviedo 1993/CBM 38 ext (37)}) (10. b3 a4 11. Rb1 axb3 12.
axb3 Qe6 13. Qe4 g6 $6 (13... Bb4 14. Bd2 d5 $132) 14. Bd3 Bg7 15. f4 O-O 16.
O-O d6 17. Qxc6 dxe5 18. Qxe6 Bxe6 19. Be4 Rab8 20. Nb5 $14 {1-0 Maiorov,
O-Frolov,D/Orel 1997/EXT 99 (38)}) 10... a4 (10... Qe6 11. Qe4 g6 12. Bd3 Bg7 {
-see 10.Qe4.}) 11. Qe4 g6 $6 {This way of development is too slow.Black should
try to break white's pawn centre as soon as possible.} (11... Bb7 $5 {[%cal
Yd6d5,Yd7d5,Yd7d6]} 12. Be3 {[%csl Rb6]} (12. Be2 d5 13. exd6 Qxe4 14. Nxe4
cxd6 $11) 12... Qb4 13. Rb1 Be7 {[%cal Gb7a6,Gd7d5]} 14. Bd2 $1 d5 15. exd6
Qxd6 {and black gets a reasonable position.}) 12. Bd3 Bg7 13. O-O O-O 14. Be3
f5 $6 {This move makes the position more static and the static advantage on
the white's side, thanks to better pawnstructure and more influence in the
centre.} (14... f6 $2 15. c5 $18) ({Deserving attention} 14... Bb7 $14) 15. Qf3
$16 Qb4 $6 {This move can not be recommended, however it's not easy to give a
good advice for black.For instanse:} (15... Ba6 16. Bxb6 cxb6 17. Nxa4 Qb4 18.
b3 $16) (15... Bb7 16. c5 $16) 16. c5 $2 {Allows black to come back from a
very suspicious position.} ({Very strong was:} 16. Qf2 $1 {[%cal Ge3c5]} Ra5 (
16... a3 17. Bc5 Qxb2 18. Qe1 $1 {[%csl Rb2][%cal Ra1b1,Rf1f2] and black's
queen is doomed.}) 17. a3 Qb3 18. Bb1 $1 {[%csl Rb3][%cal Gb1a2]} Na8 $8 19.
Ba2 Qb8 20. c5+ {and white's position is strategically winning.}) 16... a3 $1 {
Probably overlooked by Lautier.} (16... Nc4 $2 {was refuted by} 17. Nd5 $1 cxd5
18. Qxd5+ Kh8 19. Qxc4 {and white remains with a pawn up and a better position.
}) 17. cxb6 axb2 18. Rab1 ({The wild} 18. Nd5 $6 {doesn't look very promising
for white-} bxa1=Q 19. Rxa1 Qb2 20. Rb1 Qxa2 21. Nxc7 (21. b7 cxd5 22. bxa8=Q
Qxa8 $17) 21... Rb8 $15) 18... Qxc3 19. Qe2 cxb6 20. Bxb6 d6 $1 {breaking
white's pawncentre.} (20... d5 $6 21. Rxb2 $14 {[%csl Ge5,Gf4,Rg7]}) 21. Rxb2 {
[%csl Rc3][%cal Gb2b3]} Be6 $11 22. Rc2 Qb4 23. Rxc6 Bd5 $1 {[%csl Rg2]} ({
Worse is} 23... Rxa2 $6 24. Qf3 {[%csl Rd6]}) 24. Bc4 Bxc4 25. Qxc4+ Qxc4 26.
Rxc4 Ra6 (26... dxe5 $144) 27. Bc7 1/2-1/2

[Event "RUS-ch 56th"]
[Site "Krasnoyarsk"]
[Date "2003.09.04"]
[Round "2"]
[White "Rublevsky, Sergei"]
[Black "Tseshkovsky, Vitaly"]
[Result "1-0"]
[WhiteElo "2672"]
[BlackElo "2538"]
[Annotator "Postny,E"]
[PlyCount "51"]
[EventDate "2003.09.03"]
[EventType "swiss"]
[EventRounds "9"]
[EventCountry "RUS"]
[SourceTitle "CBM 098"]
[Source "ChessBase"]
[SourceDate "2004.02.03"]
[SourceVersion "1"]
[SourceVersionDate "2004.02.03"]
[SourceQuality "1"]

1. e4 e5 2. Nf3 Nc6 3. d4 exd4 4. Nxd4 Nf6 5. Nxc6 bxc6 6. e5 Qe7 7. Qe2 Nd5 8.
c4 Ba6 9. b3 g6 10. f4 f6 {This continuation was played in the game
Kasparov-Karpov/Tilburg 1991 and is out of fashion now. The main contnuations
are 10...Bg7 and 10...Qb4.} (10... Bg7 11. Qf2 {- see the annotated game
Tseshkovsky,V-Harikrishna,P/Hastings 2002/CBM 93 [Postny,E]}) (10... Qb4+ 11.
Bd2 Qb6 {- for instanse see the annotated game Lautier,J-Fontaine,R/Aix les
Bains 2003/CBM 97 [Postny,E]}) 11. exf6 {The most practical decision. White
can hope to seize the initiative after the exchange of queens.} ({Leads to a
very complicated game:} 11. Ba3 Qf7 12. Qd2 Nb6 13. c5 Bxf1 14. cxb6 {- see
the game Kasparov,G-Karpov,An/Tilburg 1991/CBM 26 [Schussler]}) (11. Qe4 Nb6
12. Bb2 Bg7 13. Nd2 fxe5 14. fxe5 O-O-O 15. O-O-O Rhe8 16. Nf3 Kb8 17. Bd3 Bb7
18. Qe2 d5 19. cxd5 cxd5 $11 {1-0 Dembo,Y-Savic,M/Herceg Novi 2001/CBM 82 ext 
(41)}) 11... Qxe2+ $146 ({More accurate seems to be} 11... Nxf6 12. Bb2 O-O-O (
12... Bg7 13. Nd2 Qxe2+ 14. Bxe2 O-O 15. O-O-O d5 16. Rhe1 Rad8 17. Bf3 $14 {
1-0 Nataf,I-Daurelle,H/Drancy 2003 (33)}) 13. Nd2 d5 (13... Qf7 14. O-O-O Bg7
15. g3 Rhe8 16. Qf3 Re7 17. Bh3 Rde8 18. Qf2 Kb8 19. Rhe1 d6 $11 {1/2-1/2
Goloshchapov,A-Sriram,J/Sangli 2000/EXT 2001 (49)}) 14. O-O-O d4 15. Re1 Qxe2
16. Bxe2 Bh6 17. g3 g5 18. Bf3 c5 19. Ba3 Bb7 20. Bxb7+ Kxb7 21. Bxc5 $14 {
1/2-1/2 Beliavsky,A-Almasi,Z/Niksic 1997/CBM 59 ext (40)}) 12. Bxe2 Bb4+ 13.
Bd2 Bxd2+ 14. Nxd2 Nxf4 {Black is hoping, that Pf6 will become a target in the
near future, but white can frustrate black's plans...} ({After} 14... Nxf6 15.
O-O-O {white keeps small, but stable advantage thanks to superior
pawnstructure.}) 15. Rf1 $1 {[%mdl 512] Very nice and deep pawn sacrifice.} (
15. Bf3 $6 O-O 16. Ne4 d5 17. Nc5 Rae8+ 18. Kd2 Bc8 {and white is losing the
Pf6.}) 15... Nxg2+ 16. Kf2 Nf4 17. Bg4 {White has clear advantage in
development.} O-O-O $2 {After this moment black's position is probably beyond
saving.} (17... Nd3+ $1 18. Kg3 (18. Ke3 Ne5 19. Bh3 O-O $13) 18... h5 19. Be2
(19. Bh3 $6 d5 $13) 19... Nc5 20. Rae1 Kf7 21. b4 Ne6 22. Bd3 {It's clear,
that white has excellent compensation for the pawn, but black's defensive
resources should not underestimated.}) (17... d5 $6 18. Rae1+ Kf7 19. Re7+ Kxf6
20. Rxc7 $40) 18. Kg3 Nd3 (18... g5 19. Ne4 h6 20. Nc5 Bb7 21. Rad1 $18 {
[%csl Rd7]}) 19. Nf3 $1 {Covering the e5 square.} ({Worse is} 19. Ne4 h5 20.
Be2 Ne5) 19... Rhe8 20. Rad1 Re3 21. Kh4 $1 {[%mdl 2048] The white king is
playing an important role. Also the exchange sacrifice on followed by Nf3-e5
is now in the air. White's passed pawn is very strong.} Rf8 ({After} 21... h6
22. Rxd3 $1 Rxd3 23. Ne5 {white's f7 pawn will cost black a full rook.}) (21...
h5 22. Bh3 Nf4 23. Rxd7 $1 Rxd7 24. f7 g5+ $1 25. Nxg5 Ng6+ 26. Kxh5 Rxh3+ 27.
Nxh3 Nf8 28. Ng5 $18 {White is winning here as well. Black's extra bishop is
completely useless.}) 22. Kg5 $1 ({Good enough was} 22. Bxd7+ Kxd7 23. Rxd3+
Rxd3 24. Ne5+ Kd6 25. Nxd3 {, but Rublevsky is playing for a maximum.}) 22...
c5 $6 ({More stubborn was} 22... Nc5 23. Rfe1 $1 Ne4+ 24. Kh6 Rxe1 25. Rxe1
Nxf6 26. Kg7 Nxg4 27. Kxf8 $18) 23. Bxd7+ Kb8 24. Rxd3 Rxd3 25. Ne5 Rd8 {
I doubt, that black played this move leaving the Rd3 hanging. However, black's
position is beyond saving anyway.} (25... Rd2 26. f7 $18) 26. f7 1-0

[Event "Zanic Memorial"]
[Site "Stara Pazova"]
[Date "2001.03.17"]
[Round "9"]
[White "Sedlak, Nikola"]
[Black "Radulski, Julian"]
[Result "1/2-1/2"]
[WhiteElo "2460"]
[BlackElo "2432"]
[Annotator "Postny,E"]
[PlyCount "55"]
[EventDate "2001.03.09"]
[EventType "tourn"]
[EventRounds "11"]
[EventCountry "YUG"]
[EventCategory "8"]
[SourceTitle "CBM 082"]
[Source "ChessBase"]
[SourceDate "2001.05.17"]
[SourceVersion "1"]
[SourceVersionDate "2001.05.17"]
[SourceQuality "1"]

1. e4 e5 2. Nf3 Nc6 3. d4 exd4 4. Nxd4 Nf6 5. Nxc6 bxc6 6. e5 Ne4 $5 {Rare
move. Main line is 6...Qe7 7.Qe2 Nd5.} 7. Nd2 Nc5 ({Can not be recommended} 
7... Nxd2 $6) 8. Nf3 (8. Be2 {is probably more promising for white.} Be7 (8...
d5 $5) 9. O-O O-O 10. Nb3 Nxb3 11. axb3 d5 12. exd6 Bxd6 13. Ra4 Bf5 14. Bd3
Bxd3 15. Qxd3 Qf6 16. g3 Rfe8 17. Kg2 $16 {[%csl Ra7,Rc6] 1-0 Morozevich,
A-Bezgodov,A/Tomsk 1998/CBM 67 (37)}) 8... d5 {[%csl Gd5,Ye6][%cal Yc5e6]} 9.
exd6 cxd6 10. Be2 Be7 11. O-O O-O 12. Be3 $146 (12. Nd4 Bd7 13. Bf3 Qb6 14. b3
Bf6 15. Be3 Qc7 16. c3 Ne6 17. Qd2 Rad8 18. Rfd1 d5 19. b4 Rfe8 20. Rac1 Qb8
21. Nb3 h6 $11 {1/2-1/2 Miliutin,O-Bezgodov,A/Krasnodar 1996/EXT 2000 (32)})
12... Bf6 13. Nd4 Bd7 14. c4 ({Possible as well} 14. Bf3 Qc7 15. b4 $5 Ne6 16.
c4 Rab8 (16... c5 17. Nxe6 Bxe6 18. Bxa8 Bxa1 19. Bd5 Be5 20. b5 $14) 17. Rb1
a5 18. a3 Bxd4 19. Bxd4 Nxd4 20. Qxd4 axb4 21. axb4 c5 $11) 14... Re8 15. Qc2
Qc8 {[%csl Yf5]} 16. Rad1 {[%cal Yb2b4]} a5 {[%csl Gc5][%cal Ga5b4] Status is
=.White has slightly superior pawnstructure-Black has strong knight on c5 and
the "b" file for his rook.} 17. Bf3 Be5 18. b3 {[%cal Ye3c1,Yc1a3,Yc1b2]} (18.
Rfe1 $144) 18... g6 19. Bc1 $1 {Right manoeuvre.The bishop on e3 was doing
nothing, so it's logically to transfer it to b2 or a3.} Qc7 20. h3 Rab8 {
[%cal Ga5a4]} (20... Qb6 $144 {[%cal Ga5a4]}) 21. Qd2 Qb6 $6 {[%cal Ga5a4]} (
21... a4 {was the logical continuation and black has no problems.For example:}
22. b4 Na6 23. Ba3 c5) 22. Nc2 $1 $14 h5 {[%csl Yg4][%cal Gh5g4]} (22... Bf5 {
[%csl Rd3,Re4]} 23. Ba3 Ne4 (23... Nxb3 24. axb3 Qxb3 25. Bxd6 $14) 24. Bxe4
Bxe4 25. Ne3 Rbd8 26. Ng4 $14) (22... a4 $6 23. b4 Na6 24. c5 $16) 23. Ba3 Bf5
24. Nd4 Ne4 (24... Be4 25. Rfe1 $14) 25. Bxe4 Bxe4 26. Rfe1 c5 (26... d5 $2 27.
c5 (27. f3 $2 Bd3 $1 28. Qxd3 Qxd4+ 29. Qxd4 Bxd4+ 30. Kf1 Rxe1+ $11) 27... Qc7
28. f3 Bf4 29. Qc3 $18) 27. Rxe4 $6 (27. Nb5 {was much more problemative for
black.} d5 28. cxd5 $1 Qxb5 29. Rxe4 Bh2+ 30. Kxh2 Rxe4 31. Qc3 {[%csl Ga3,Gc3,
Rc5,Rg8][%cal Ga3b2,Gc3h8] This manoeuvre should have been seen before white's
playing 28.cd.} Qe2 (31... Rd4 $1 32. Rxd4 cxd4 33. Qxd4 Qb6 34. Qe5 f6 $14)
32. Bb2 Rd4 33. Rxd4 Qe5+ 34. Rf4 $1 Qxf4+ 35. Kg1 Qd4 36. Qg3 Qxb2 (36... Qd1+
37. Kh2 Re8 38. Qd6 $18 {[%csl Gb2,Gd6,Rg8][%cal Rd6f6]}) 37. Qxb8+ Kg7 $16)
27... Bxd4 28. Rxe8+ ({After} 28. Rxe8+ Rxe8 29. Re1 {the position is
completely equal.}) 1/2-1/2

[Event "Beijing zt 3.3"]
[Site "Beijing"]
[Date "2005.10.24"]
[Round "7"]
[White "Wang, Hao"]
[Black "Liang, Chong"]
[Result "1-0"]
[WhiteElo "2519"]
[BlackElo "2515"]
[Annotator "Postny,E"]
[PlyCount "53"]
[EventDate "2005.10.20"]
[EventType "tourn"]
[EventRounds "9"]
[EventCountry "CHN"]
[EventCategory "10"]
[SourceTitle "CBM 110"]
[Source "ChessBase"]
[SourceDate "2006.01.31"]
[SourceVersion "1"]
[SourceVersionDate "2006.01.31"]
[SourceQuality "1"]

1. e4 e5 2. Nf3 Nc6 3. d4 exd4 4. Nxd4 Bc5 5. Be3 Qf6 6. c3 Nge7 7. g3 b6 {
This way of development is quite playable after 7.Bc4, but against 7.g3 it's
not so sound. White's Pe4 will be well protected, and white's bishop won't be
attacked by d7-d5 thrust.} ({The main and recommended continuation is} 7... d5)
8. Bg2 h5 $146 (8... Bb7 9. O-O O-O-O 10. b4 Bxd4 11. cxd4 Nxb4 12. Qd2 Nbc6
13. Nc3 h6 14. Rfc1 Kb8 15. Nb5 Rc8 16. d5 Ne5 17. f4 Ng4 18. Bd4 Qg6 19. f5
Qg5 20. Qe2 $16 {1-0 Jakubovic,N (2350)-Vucic,M (2367)/Bihac 1999/EXT 2000 (34)
}) 9. O-O Ba6 $6 {I guess that this was black's idea behind 7...b6. However,
the bishop on a6 is actually misplaced.} (9... Bb7 $14) 10. Re1 h4 (10... Ne5
$2 11. b4 Bxd4 12. cxd4 Nd3 13. e5 $18 {[%csl Ra8,Rf6]}) 11. b4 $1 {Forcing
black to strengthen white's centre.} Bxd4 12. cxd4 hxg3 13. fxg3 O-O-O $6 {
Continuing the faulty strategy. Frankly speaking, black's position is already
bad.} (13... Nxb4 $2 14. e5 $18 {[%csl Ra8,Rf6]}) (13... Bb7 {was relatively
better, but white's advantage is undisputable anyway.}) 14. a4 {It's clear
that white's chances to create an attack against the opponent's king are far
more reliable than the black ones. White's control over the centre and pair of
strong bishops are the dominant factors in the position.} Nxb4 15. a5 d5 (15...
Nd3 16. Rf1 Nb2 17. Qd2 Bxf1 18. Bxf1 Qf3 19. axb6 axb6 20. Ra3 $18 {[%csl Rb2]
}) (15... b5 16. Nc3 {is very unattractive for black as well.}) 16. Qd2 bxa5 (
16... Nec6 17. axb6 axb6 18. exd5 Nxd5 19. Rxa6 $18) 17. Bg5 $1 Qd6 18. e5 Qe6
19. Rxa5 Nec6 20. Ra4 $1 {Black is winning material with a continuous attack.
The move in the text is even stronger than 20.Bxd8.} Rde8 21. Rxb4 Nxb4 22.
Qxb4 Rh5 (22... f6 23. Bd2 $18) 23. Nc3 Bc4 24. Be3 Reh8 25. h4 Qg4 26. Bf2 Rf5
27. Nxd5 1-0